| 000 | 00000nam 2200000zi 4500 |
| 001 | 9.879446 |
| 003 | CaOODSP |
| 005 | 20221107165520 |
| 006 | m o d f |
| 007 | cr cn||||||||| |
| 008 | 190919t20192019qucab ob f000 0 eng d |
| 020 | |a9780660326528 |
| 040 | |aCaOODSP|beng|erda|cCaOODSP |
| 043 | |an-cn-bc |
| 086 | 1 |aTU3-12/18-0230E-PDF |
| 110 | 2 |aTransportation Safety Board of Canada. |
| 245 | 10|aGirding and capsizing, tug George H Ledcor, north arm of the Fraser River, British Columbia, 13 August 2018. |
| 264 | 1|aGatineau QC : |bTransportation Safety Board of Canada = Bureau de la sécurité des transports du Canada, |c2019. |
| 264 | 4|c©2019 |
| 300 | |a1 online resource (iv, 36 pages) : |billustrations (some colour), colour map. |
| 336 | |atext|btxt|2rdacontent |
| 337 | |acomputer|bc|2rdamedia |
| 338 | |aonline resource|bcr|2rdacarrier |
| 490 | 1 |aMarine transportation safety investigation report ; |vM18P0230 |
| 500 | |aIssued also in French under title: Engagement et chavirement, remorqueur George H Ledcor, bras nord du fleuve Fraser (Colombie-Britannique), 13 août 2018. |
| 500 | |aCover title. |
| 500 | |a"Released 02 October 2019." |
| 500 | |aIssued also in HTML format. |
| 504 | |aIncludes bibliographical references. |
| 692 | 07|2gccst|aMarine accidents |
| 692 | 07|2gccst|aMarine safety |
| 692 | 07|2gccst|aInvestigations |
| 775 | 08|tEngagement et chavirement, remorqueur George H Ledcor, bras nord du fleuve Fraser (Colombie-Britannique), 13 août 2018.|w(CaOODSP)9.879451 |
| 830 | #0|aMarine transportation safety investigation report ;|vM18P0230.|w(CaOODSP)9.856045 |
| 856 | 40|qPDF|s2.40 MB|uhttps://publications.gc.ca/collections/collection_2019/bst-tsb/TU3-12-18-0230-eng.pdf |
| 856 | 4 |qHTML|sN/A|uhttp://www.bst-tsb.gc.ca/eng/rapports-reports/marine/2018/m18p0230/m18p0230.html |